Sam Houston, the tallest Texan; (Record no. 193)

MARC details
000 -LEADER
fixed length control field 00777cam a22002291 4500
005 - DATE AND TIME OF LATEST TRANSACTION
control field 20260322212010.0
008 - FIXED-LENGTH DATA ELEMENTS--GENERAL INFORMATION
fixed length control field data
010 ## - LIBRARY OF CONGRESS CONTROL NUMBER
LC control number 53006256
040 ## - CATALOGING SOURCE
Original cataloging agency DLC
Transcribing agency DLC
Modifying agency DLC
050 00 - LIBRARY OF CONGRESS CALL NUMBER
Classification number F390
Item number .H8495
082 00 - DEWEY DECIMAL CLASSIFICATION NUMBER
Classification number 92
-- B
-- 92
001 - CONTROL NUMBER
control field data
100 1# - MAIN ENTRY--PERSONAL NAME
Personal name Johnson, William Weber,
Dates associated with a name 1909-
245 10 - TITLE STATEMENT
Title Sam Houston, the tallest Texan;
Statement of responsibility, etc. William Weber Johnson & William Reusswig.
260 ## - PUBLICATION, DISTRIBUTION, ETC.
Place of publication, distribution, etc. New York,
Name of publisher, distributor, etc. Random House
Date of publication, distribution, etc. [1953]
300 ## - PHYSICAL DESCRIPTION
Extent 185 p.
Other physical details illus.
Dimensions 22 cm.
490 0# - SERIES STATEMENT
Series statement Landmark books, 32
520 ## - SUMMARY, ETC.
Summary, etc. A biography of a leader in Texas' fight for independence who became a governor of the new state and a United States Senator.
600 10 - SUBJECT ADDED ENTRY--PERSONAL NAME
Personal name Houston, Sam,
Dates associated with a name 1793-1863
General subdivision Juvenile literature.
600 11 - SUBJECT ADDED ENTRY--PERSONAL NAME
Personal name Houston, Sam,
Dates associated with a name 1793-1863.
700 1# - ADDED ENTRY--PERSONAL NAME
Personal name Reusswig, William,
Relator term illus.
Holdings
Withdrawn status Lost status Damaged status Not for loan Home library Current library Shelving location Date acquired Total checkouts Full call number Barcode Date last seen Price effective from Koha item type
        Centerville Centerville General stacks 22/03/2026   976.03/0924 B 92 BC0010200 22/03/2026 22/03/2026 Books